000 00849nam a22002297a 4500
005 20140312120748.0
008 081106t xxu||||| |||| 00| d hin d
010 _aHIN-101943
020 _c225.00
_a9788170282150
035 _aHN-74289
037 _bDBAD / PUB
040 _aDPL
_bHN
082 _a920
100 _927262
_aराज बहादुर सिंह
245 _aनोबेल पुरस्कार विजेता साहित्यकार /
_cराज बहादुर सिंह
260 _aदिल्ली
_bराजपाल एण्ड संस
_c2012
270 _aकश्मीरी गेट
_bदिल्ली
_e110008
300 _a310पृ.
_c22सेमी(सजिल्द)
650 _927268
700 _a
_927271
942 _2ddc
_cHN
_mराजब
_h920
999 _c82968
_d82968